Statistics for How did Escape the Night characters die? 1-4

Click here to take the quiz!

General Stats

  • This quiz has been taken 26 times
  • The average score is 6 of 33

Answer Stats

HintAnswer% Correct
Justine EzarikBuried alive
100%
Shane DawsonFood Poisoning
67%
Lauren RihimakiEaten alive by vampires
33%
Lele PonsElectrocuted
33%
Gabbie HannaHeart ripped out
33%
Sierra FurtadoPosessed
33%
Timothy DeLaGhettoShot himself in the head
33%
Alex WassabiStabbed in the chest
33%
Joey GraceffaStabbed in the chest
33%
Matthew PatrickBeaten to death
22%
Timothy DeLaGhettoBeaten to death
22%
Glozell GreenChoked on own blood
22%
Matt HaagDrank poison twice
22%
Alex WassabiShot in the chest
22%
Tana MongeauStabbed in the stomach
22%
Gabbie HannaStabbed in the stomach
22%
Justine EzarikSuffocated
22%
Jesse WellensEaten alive by Jorogumo
11%
Destorm PowerShot in the chest with magic arrow
11%
Andrea BrooksSuffocated by gas
11%
Liza KoshyThroat slit open
11%
Roi FabitoBitten and poisoned
0%
Colleen BallingerBones crushed
0%
Rosanna PansinoDevoured by dinosaurs
0%
Safiya NygaardGutted
0%
Colleen BallingerImpaled by M.O.M
0%
Destorm PowerImpaled in the stomach
0%
Joey Graceffa (again)Posessed by pandora box
0%
JC CaylenRepeatedly stabbed
0%
Rosanna PansinoRitual sacrifice
0%
Manny MuaShot six times
0%
Tana MongeauStomach slashed open
0%
Teala DunnStrangled and gassed
0%

Score Distribution

Percentile by Number Answered

Percent of People with Each Score

Your Score History

You have not taken this quiz